| 000 | 00474nam a2200205Ia 4500 | ||
|---|---|---|---|
| 008 | 210210b1923 xxu||||| |||| 00| 0 eng d | ||
| 041 | _aeng | ||
| 082 | _a825/768 | ||
| 100 | _aSAINTSBURY (G) | ||
| 245 | _aCollected essays and papers Vol.2 | ||
| 260 |
_aLondon _bJ M Dent & Sons Ltd. _c1923 |
||
| 440 | _a2 | ||
| 650 | _aVol.2 | ||
| 650 | _apapers | ||
| 650 | _aessays | ||
| 650 | _aCollected | ||
| 650 | _aand | ||
| 690 | _aEnglish Criticism | ||
| 906 | _a015083 | ||
| 999 |
_c134389 _d134389 |
||